| 000 | 00995nas a2200289 4500 | ||
|---|---|---|---|
| 001 | BR9501787 | ||
| 003 | BR-BrBNA | ||
| 005 | 20231205093933.0 | ||
| 007 | ta | ||
| 008 | 230509b bl.|||p| |||| 00| 00por d | ||
| 040 |
_aBR-BrBNA _bpor _cBiblioteca Nacional de Agricultura |
||
| 041 | _a(Pt) | ||
| 072 | _aF08; F04 | ||
| 100 | 1 | _aCaielli, E.L. | |
| 100 | 1 | _aBonilha Neto, L.M. | |
| 100 | 1 | _aLourenco, A.J. | |
| 245 | 1 | _aAvaliacao agronomica e qualitativa de pastos de capim elefante Napier (Pennisetum purpureum Schum)fertilizados com nitrogenio ou consorciados com leguminosas tropicais para producao de carne | |
| 650 | _aCapim Elefante Napier | ||
| 650 | _aCentrosema | ||
| 650 | _aSiratro | ||
| 650 | _aGalactia | ||
| 650 | _aConsorciacao de Cultura | ||
| 650 | _aFertilizante Nitrogenado | ||
| 773 | 0 |
_tBoletim de Industria Animal (Brazil) _xISSN 0067-9615 _g(Jan-Jun 1991), v. 48(1) p. 63-76 _wBR9501787 |
|
| 909 |
_a202311 _bLúcia _c55 _dLúcia Elande |
||
| 942 |
_2AGRIS _n0 _cANA |
||
| 999 |
_c141194 _d141194 |
||